LEADER 02441nlm0 22006611i 450 001 990009260260403321 010 $a9783642017216 035 $a000926026 035 $aFED01000926026 035 $a(Aleph)000926026FED01 035 $a000926026 100 $a20100926d2009----km-y0itay50------ba 101 0 $aeng 102 $aDE 135 $adrnn-008mamaa 200 1 $aLocation and Context Awareness$bRisorsa elettronica$e4th International Symposium, LoCA 2009 Tokyo, Japan, May 7-8, 2009 Proceedings$fedited by David Hutchison, Takeo Kanade, Josef Kittler, Jon M. Kleinberg, Friedemann Mattern, John C. Mitchell, Moni Naor, Oscar Nierstrasz, C. Pandu Rangan, Bernhard Steffen, Madhu Sudan, Demetri Terzopoulos, Doug Tygar, Moshe Y. Vardi, Gerhard Weikum, Tanzeem Choudhury, Aaron Quigley, Thomas Strang, Koji Suginuma 210 $aBerlin ; Heidelberg$cSpringer$d2009 225 1 $aLecture Notes in Computer Science$x0302-9743$v5561 230 $aDocumento elettronico 336 $aTesto 337 $aFormato html, pdf 702 1$aChoudhury,$bTanzeem 702 1$aHutchison,$bDavid 702 1$aKanade,$bTakeo 702 1$aKittler,$bJosef 702 1$aKleinberg,$bJon M. 702 1$aMattern,$bFriedemann 702 1$aMitchell,$bJohn C. 702 1$aNaor,$bMoni 702 1$aNierstrasz,$bOscar 702 1$aPandu Rangan,$bC. 702 1$aQuigley,$bAaron 702 1$aSteffen,$bBernhard 702 1$aStrang,$bThomas 702 1$aSudan,$bMadhu 702 1$aSuginuma,$bKoji 702 1$aTerzopoulos,$bDemetri 702 1$aTygar,$bDoug 702 1$aVardi,$bMoshe Y. 702 1$aWeikum,$bGerhard 801 0$aIT$bUNINA$gREICAT$2UNIMARC 856 4 $zFull text per gli utenti Federico II$uhttp://dx.doi.org/10.1007/978-3-642-01721-6 901 $aEB 912 $a990009260260403321 961 $aCommunications Engineering, Networks 961 $aComputer Communication Networks 961 $aComputer Communication Networks 961 $aComputer science 961 $aComputer Science 961 $aData mining 961 $aData Mining and Knowledge Discovery 961 $aInformation systems 961 $aInformation Systems Applications (incl.Internet) 961 $aPersonal Computing 961 $aTelecommunication 961 $aUser Interfaces and Human Computer Interaction 996 $aLocation- and Context-Awareness$9771890 997 $aUNINA LEADER 01732oam 2200337z- 450 001 9910165242403321 010 $a9783736819337 010 $a3736819331 035 $a(CKB)3710000001065746 035 $a(Perlego)1885744 035 $a(Exl-AI)993710000001065746 035 $a(EXLCZ)993710000001065746 100 $a20210721d2017 uy | 101 0 $aeng 181 $ctxt$2rdacontent 182 $cc$2rdamedia 183 $acr$2rdacarrier 200 00$aAgnes Grey 210 $cBookRix 311 08$a9781387272549 311 08$a1387272543 330 8 $aAgnes Grey is the debut novel of English author Anne Bronte?.The novel follows Agnes Grey, a governess, as she works within families of the English gentry. Scholarship and comments by Anne's sister Charlotte Bronte? suggest the novel is largely based on Anne Bronte?'s own experiences as a governess for five years. Like her sister Charlotte's novel Jane Eyre, it addresses what the precarious position of governess entailed and how it affected a young woman.The choice of central character allows Anne to deal with issues of oppression and abuse of women and governesses, isolation and ideas of empathy. An additional theme is the fair treatment of animals. Agnes Grey also mimics some of the stylistic approaches of bildungsromans, employing ideas of personal growth and coming to age, but representing a character who in fact does not gain in virtue. 606 $aGovernesses$7Generated by AI 606 $aWomen$xSocial conditions$7Generated by AI 615 0$aGovernesses 615 0$aWomen$xSocial conditions 700 $aSheba Blake$01887968 906 $aBOOK 912 $a9910165242403321 996 $aAgnes Grey$94526124 997 $aUNINA